书目信息 |
| 题名: |
自然中的爱与性
|
|
| 作者: | 苦苓 著 | |
| 分册: | ||
| 出版信息: | 北京 北京时代华文书局 2019.04 |
|
| 页数: | 208页 | |
| 开本: | 21cm | |
| 丛书名: | ||
| 单 册: | ||
| 中图分类: | Q492-49 , Q945.5-49 | |
| 科图分类: | ||
| 主题词: | 动物--dong wu--生殖生理学--普及读物 , 植物--zhi wu--繁殖--普及读物 | |
| 电子资源: | ||
| ISBN: | 978-7-5699-2921-8 | |
| 000 | 01590nam0 2200289 450 | |
| 001 | 0109110242 | |
| 005 | 20201109110340.0 | |
| 010 | @a978-7-5699-2921-8@dCNY49.80 | |
| 100 | @a20190612d2019 em y0chiy50 ea | |
| 101 | 0 | @achi |
| 102 | @aCN@b110000 | |
| 105 | @aa az 000yy | |
| 106 | @ar | |
| 200 | 1 | @a自然中的爱与性@Azi ran zhong de ai yu xing@dLove and sex in the nature@f苦苓著@zeng |
| 210 | @a北京@c北京时代华文书局@d2019.04 | |
| 215 | @a208页@c照片@d21cm | |
| 314 | @a苦苓,本名王裕仁,台湾知名作家、主持人,著作五十余种,畅销逾百万册。现为台湾雪霸“国家公园”义务解说员,在森林沉潜八年,以大地为家,与自然为友,惊艳于天地万物超乎想象的各种生命形式,遂提笔书写森林。 | |
| 320 | @a有书目(第208页) | |
| 330 | @a出生、成长、家园、求偶、养育......这是生命的脉动,每一段都扣人心弦:公螳螂为了繁衍付出生命的代价,鲑鱼千里“返乡”,小丑鱼会神奇地改变性别,奉行一夫一妻制的大雁和天鹅,血盆大口的鳄鱼居然是冒气泡来求爱等。植物,也有着人类无法想象的智慧。生命的繁衍和成长是物种最原始最本质的诉求和期待。大自然看起来冷酷无情,但是生命是那样的鲜活和美丽,无论强大还是弱小,它们用生命的轨迹,真实地展现出残酷和美好、壮美与卑微、坚韧与脆弱、平凡与奇妙。为了生命繁衍,每种生物都在固执地坚持自然法则。提醒作为食物链顶端的人类,不要荒废自己来之不易的生命体验,感激大自然的馈赠,人间值得! | |
| 510 | 1 | @aLove and sex in the nature@zeng |
| 606 | 0 | @a动物@Adong wu@x生殖生理学@j普及读物 |
| 606 | 0 | @a植物@Azhi wu@x繁殖@j普及读物 |
| 690 | @aQ492-49@v5 | |
| 690 | @aQ945.5-49@v5 | |
| 701 | 0 | @a苦苓@AKu ling@4著 |
| 801 | 0 | @aCN@bBJSZM@c20201103 |
| 905 | @b1241855-8@dQ492-49@e37@f4 | |
| 自然中的爱与性=Love and sex in the nature/苦苓著.-北京:北京时代华文书局,2019.04 |
| 208页:照片;21cm |
| ISBN 978-7-5699-2921-8:CNY49.80 |
| 出生、成长、家园、求偶、养育......这是生命的脉动,每一段都扣人心弦:公螳螂为了繁衍付出生命的代价,鲑鱼千里“返乡”,小丑鱼会神奇地改变性别,奉行一夫一妻制的大雁和天鹅,血盆大口的鳄鱼居然是冒气泡来求爱等。植物,也有着人类无法想象的智慧。生命的繁衍和成长是物种最原始最本质的诉求和期待。大自然看起来冷酷无情,但是生命是那样的鲜活和美丽,无论强大还是弱小,它们用生命的轨迹,真实地展现出残酷和美好、壮美与卑微、坚韧与脆弱、平凡与奇妙。为了生命繁衍,每种生物都在固执地坚持自然法则。提醒作为食物链顶端的人类,不要荒废自己来之不易的生命体验,感激大自然的馈赠,人间值得! |
| ● |
| 相关链接 |
|
|
|
|
正题名:自然中的爱与性
索取号:Q492-49/37
 
预约/预借
| 序号 | 登录号 | 条形码 | 馆藏地/架位号 | 状态 | 备注 |
| 1 | 1241855 | 212418551 | 第二样本阅览室/ [索取号:Q492-49/37] | 在馆 | |
| 2 | 1241856 | 212418560 | 第三借阅区/ [索取号:Q492-49/37] | 在馆 | |
| 3 | 1241857 | 212418579 | 第三借阅区/ [索取号:Q492-49/37] | 在馆 | |
| 4 | 1241858 | 212418588 | 第三借阅区/ [索取号:Q492-49/37] | 在馆 |